[Event "61st ch-GRE 2011"]
[Site "Chania GRE"]
[Date "2011.11.27"]
[Round "1"]
[White "Nikolaou,G"]
[Black "Nikolaidis,I"]
[Result "0-1"]
[WhiteElo "2233"]
[BlackElo "2554"]

1.Nf3 d5 2.g3 Bg4 3.Bg2 Nd7 4.d4 e6 5.O-O Ngf6 6.Nbd2 Be7 7.b3 a5 8.Bb2 a4
9.c4 c6 10.Re1 Qa5 11.Qc1 b5 12.cxb5 cxb5 13.bxa4 bxa4 14.Ba3 Bxf3 15.Nxf3 Bb4
16.Bxb4 Qxb4 17.Rb1 Qd6 18.Ne5 O-O 19.Qc6 Qxc6 20.Nxc6 Rfe8 21.e3 Kf8 22.Rec1 Rec8
23.a3 Rc7 24.Rc2 Rac8 25.Rbc1 Nb6 26.Bf1 Ne4 27.Ba6 Ra8 28.Nb4 Rxc2 29.Rxc2 Nd6
30.Rc6 Nbc4 31.Bxc4 Nxc4 32.Ra6 Rxa6 33.Nxa6 Ke7 34.Kf1 Kd6 35.Nb4 Nxa3 36.Ke2 g5
37.Nd3 Nc4 38.Kd1 Nb2+ 39.Nxb2 a3  0-1

[Event "TCh-CZE Liga 1 Zapad"]
[Site "Czech Rep CZE"]
[Date "2011.11.27"]
[Round "4.4"]
[White "Neckar,L"]
[Black "Mozny,M"]
[Result "1/2-1/2"]
[WhiteElo "2367"]
[BlackElo "2346"]

1.Nf3 d5 2.g3 c6 3.Bg2 Bf5 4.O-O e6 5.d3 Be7 6.Nc3 Nf6 7.Nd2 d4 8.Nce4 Nbd7
9.Nxf6+ Nxf6 10.e4 dxe3 11.fxe3 h5  1/2-1/2

[Event "TCh-CZE Liga 1 Zapad"]
[Site "Czech Rep CZE"]
[Date "2011.11.27"]
[Round "4.7"]
[White "Rehak,M"]
[Black "Vecerka,P"]
[Result "1-0"]
[WhiteElo "2129"]
[BlackElo "2091"]

1.Nf3 d5 2.g3 Nf6 3.Bg2 c5 4.c4 d4 5.b4 e6 6.O-O Be7 7.e3 dxe3 8.fxe3 O-O
9.bxc5 Bxc5 10.d4 Be7 11.Ne5 Nbd7 12.Nxd7 Nxd7 13.Nd2 Qc7 14.Qa4 Nb6 15.Qa5 Bd7
16.c5 Nd5 17.Qxc7 Nxc7 18.Bxb7 Rab8 19.Bg2 Nd5 20.Bxd5 exd5 21.Nb3 Rfe8 22.Bd2 Bg5
23.Rfe1 Bf5 24.Rac1 a5 25.e4 Bxd2 26.Nxd2 dxe4 27.d5 Re5 28.d6 Rd5 29.Nb3 a4
30.Na5 Rd2 31.Rcd1 Rc2 32.d7 Bxd7 33.Rxd7 h6 34.Nb7 Ra8 35.Rd4 Rb8 36.Rd7 Rxa2
37.c6 Rc2 38.c7  1-0

[Event "TCh-CZE Liga1 Vychod"]
[Site "Czech Rep CZE"]
[Date "2011.11.27"]
[Round "4"]
[White "Senkyr,M"]
[Black "Olsarova,T"]
[Result "1/2-1/2"]
[WhiteElo "2202"]
[BlackElo "2244"]

1.Nf3 d5 2.g3 Nf6 3.Bg2 Bf5 4.O-O h6 5.d3 e6 6.b3 Be7 7.Bb2 c5 8.Nbd2 Nc6
9.Ne5 Nxe5 10.Bxe5 O-O 11.c4 Bh7 12.Qc1 Ng4 13.Bb2 f5 14.Nf3 d4 15.b4 Rb8
16.bxc5 Bxc5 17.h3 Nf6 18.Qf4 Qe7 19.Bxd4 g5 20.Bxc5 Qxc5 21.Qe5 Qe7 22.Nd4 Rfe8
23.Nb5 Nd7 24.Qd6 a6 25.Qxe7 Rxe7 26.Nc3 f4 27.Rab1 Ne5 28.Ne4 Rf8 29.Rfd1 f3
30.Bxf3 Nxf3+ 31.exf3 Rxf3 32.Nc5 Rff7 33.Rb6 e5 34.Rxh6 Rc7 35.Ne4 Bxe4
36.dxe4 Rxc4 37.Rg6+ Kh7 38.Rxg5 Rxe4 39.Rd2 b5 40.Kg2 a5 41.h4 b4 42.f3 Re3
43.Rh5+  1/2-1/2

[Event "TCh-SVK Extraliga 2011-12"]
[Site "Slovakia SVK"]
[Date "2011.11.27"]
[Round "4"]
[White "Jacko,V2"]
[Black "Bombek,P"]
[Result "0-1"]
[WhiteElo "2178"]
[BlackElo "2179"]

1.g3 d5 2.Nf3 c6 3.Bg2 Nf6 4.d4 Bg4 5.Nbd2 Nbd7 6.b3 e6 7.Bb2 Bd6 8.Ne5 Bf5
9.c4 O-O 10.O-O Qc7 11.Nxd7 Qxd7 12.f3 Rfe8 13.e4 dxe4 14.Nxe4 Be7 15.Qe2 h6
16.Rad1 Red8 17.Kh1 a5 18.a4 Rab8 19.Bc3 Qc7 20.Qe1 Ra8 21.Rf2 b6 22.Rfd2 Nxe4
23.fxe4 Bg4 24.Rb1 Bg5 25.Rf2 Rd7 26.Rf1 Be7 27.Qf2 Bb4 28.Ba1 Rb8 29.Qb2 e5
30.d5 f6 31.h3 Bh5 32.Qf2 Bg6 33.Rbd1 b5 34.cxb5 cxb5 35.Rc1 Qb7 36.Rc6 bxa4
37.bxa4 Rd6 38.Qa2 Be8 39.Rc4 Qd7 40.Qf2 Qxa4 41.Bxe5 fxe5 42.Qf8+ Kh7 43.Qf5+ Bg6
44.Qxe5 Qe8 45.Qd4 Rc8 46.Rfc1 Rxc4 47.Rxc4 Rd8 48.e5 Rc8 49.Rc6 Rxc6 50.dxc6 Qf7
51.Qf4 Qxf4 52.gxf4 Bf5 53.Bd5 Bc8 54.Bf7 a4 55.Kg2 a3 56.Kf3 Bxh3 57.Ba2 Bc8
58.f5 Bxf5 59.e6 Bxe6 60.Bxe6 Bd6 61.Bf7 g6 62.Ke4 Kg7 63.Ba2 Kf6 64.Kd5 Bc7
65.Ke4 h5 66.Kf3 g5 67.Kg2 Ke5 68.Kf3 Kd6  0-1

[Event "TCh-HUN 2011-12"]
[Site "Szombathely HUN"]
[Date "2011.11.27"]
[Round "4"]
[White "Varga,Me"]
[Black "Tanacs,A"]
[Result "1-0"]
[WhiteElo "2139"]
[BlackElo "2078"]

1.Nf3 d5 2.g3 Nf6 3.Bg2 c6 4.c4 Bg4 5.Ne5 Be6 6.cxd5 Bxd5 7.Nf3 g6 8.Nc3 Bg7
9.O-O O-O 10.d3 Bxf3 11.Bxf3 Nbd7 12.Bd2 e5 13.b4 Re8 14.Rb1 Rb8 15.b5 c5
16.Bg2 Nb6 17.a4 Nbd5 18.Nxd5 Nxd5 19.Qb3 Nf6 20.b6 axb6 21.Qxb6 e4 22.Qxc5 exd3
23.exd3 Qxd3 24.Bf4 Rbc8 25.Qb5 Qa3 26.Bxb7 Rc2 27.Qb3 Qc5 28.Rbc1 Rxc1 29.Rxc1 Qh5
30.Rc7 Rf8 31.Bf3 Qa5 32.Kg2 Qe1 33.Rc1 Qa5 34.Bd6 Re8 35.Rc7 Re6 36.Rc8+ Re8
37.Rxe8+ Nxe8 38.Qb8 Qxa4 39.Qc8 Bf8 40.Bxf8 Kxf8 41.Bc6  1-0

[Event "Vizag GM Open"]
[Site "Visakhapatnam IND"]
[Date "2011.11.27"]
[Round "6"]
[White "Prakash,G"]
[Black "Lalith,B"]
[Result "0-1"]
[WhiteElo "2341"]
[BlackElo "2484"]

1.Nf3 d5 2.g3 c6 3.Bg2 Bg4 4.O-O Nd7 5.d3 Ngf6 6.h3 Bh5 7.c4 e6 8.cxd5 cxd5
9.Nc3 Bd6 10.e4 Bxf3 11.Bxf3 d4 12.Nb5 Bc5 13.a4 O-O 14.Bd2 a6 15.Na3 Ne5
16.Be2 Nc6 17.Kg2 Rc8 18.f4 Bb4 19.Bc1 Nd7 20.g4 Nc5 21.Nc4 Na5 22.Nxa5 Bxa5
23.f5 exf5 24.Rxf5 Ne6 25.g5 Rc6 26.Bd2 Bxd2 27.Qxd2 g6 28.Rf6 h6 29.h4 hxg5
30.hxg5 Rc5 31.Kf1 Rxg5 32.Rf2 Qd6 33.Bd1 Qg3 34.Bb3 Qh3+ 35.Ke2 Qh5+ 36.Kf1 Qh1+
37.Ke2 Qxa1 38.Bxe6 Rg3 39.Rxf7 Rg2+ 40.Rf2+ Kg7  0-1

[Event "Vizag GM Open"]
[Site "Visakhapatnam IND"]
[Date "2011.11.28"]
[Round "7"]
[White "Venkatesh,M"]
[Black "Sumets,A"]
[Result "0-1"]
[WhiteElo "2499"]
[BlackElo "2569"]

1.Nf3 d5 2.g3 c5 3.d4 cxd4 4.Nxd4 e5 5.Nb3 Nc6 6.Bg2 Be6 7.O-O Be7 8.Nc3 Nf6
9.Bg5 d4 10.Bxf6 gxf6 11.Na4 Bd5 12.e4 Bc4 13.Re1 Bxb3 14.cxb3 b5 15.Nc5 Bxc5
16.Qc2 d3 17.Qxc5 Nd4 18.Red1 Rc8 19.Qd5 Qb6 20.b4 Ke7 21.Bh3 Rhd8 22.Bxc8 Rxd5
23.exd5 e4  0-1

[Event "Vizag GM Open"]
[Site "Visakhapatnam IND"]
[Date "2011.11.28"]
[Round "8"]
[White "Gomes,Mary"]
[Black "Venkatesh,M"]
[Result "0-1"]
[WhiteElo "2354"]
[BlackElo "2499"]

1.Nf3 d5 2.g3 c5 3.Bg2 Nc6 4.O-O e5 5.d3 Bd6 6.c4 d4 7.e3 Nf6 8.exd4 cxd4
9.a3 a5 10.Bg5 O-O 11.Nbd2 Bg4 12.Qb3 Qd7 13.Bxf6 gxf6 14.Nh4 Kh8 15.Rac1 Be6
16.Qd1 Rg8 17.c5 Be7 18.Nc4 Qc7 19.f4 f5 20.Bxc6 Bxh4 21.Bg2 Bxg3 22.hxg3 Rxg3
23.Nxe5 Rag8 24.Rf2 Bd5 25.Rcc2 f6 26.Nc4 Qg7 27.Qf1 Qh6 28.Nd6 Rh3 29.Rf3 Rh1+
30.Kf2 Qh4+ 31.Ke2 Rxg2+  0-1

[Event "25th Belgrade Trophy"]
[Site "Obrenovac SRB"]
[Date "2011.11.29"]
[Round "6.9"]
[White "Janev,T"]
[Black "Blagojevic,Dr"]
[Result "0-1"]
[WhiteElo "2366"]
[BlackElo "2514"]

1.Nf3 d5 2.g3 g6 3.Bg2 Bg7 4.O-O e5 5.c4 d4 6.d3 Ne7 7.Nbd2 a5 8.Ne1 O-O
9.Nc2 c5 10.a3 Nbc6 11.Ne4 b6 12.f4 f5 13.Ng5 exf4 14.gxf4 h6 15.Nf3 a4 16.Nh4 Kh7
17.Rb1 Ra6 18.b4 axb3 19.Rxb3 Bd7 20.Qe1 Be8 21.Qg3 Rf6 22.Rf2 Re6 23.Bh3 Bd7
24.Rg2 Qf8 25.Bd2 Na7 26.Nf3 Bc6 27.Rf2 Ba4 28.Rb2 b5 29.Ne5 Nec6 30.cxb5 Nxb5
31.Nc4 Nc3 32.e4 Nd1 33.exf5 gxf5 34.Rg2 Ra7 35.Ne1 Nxb2 36.Nxb2 Bb3 37.Nc4 Bxc4
38.dxc4 Ne7 39.Qd3 Qf7 40.Nf3 Rg6 41.Nh4 Rxg2+ 42.Kxg2 Ra6 43.Kf2 Qh5 44.Nxf5 Qg6
45.Qe4 Re6 46.Nxe7 Qxe4 47.Bf5+ Qxf5 48.Nxf5 Ra6 49.Ke2 Rxa3 50.Ng3 Kg6 51.f5+ Kf7
52.Ne4 Bf8 53.Bf4 Rh3 54.Nf2 Rh5 55.Ng4 Rxf5 56.Bxh6 Bd6 57.h4 Be7 58.Bc1 Rh5
59.Kf3 Ke6 60.Nf2 Rxh4 61.Nd3 Rh3+ 62.Ke4 Bd6 63.Bg5 Kd7 64.Bc1 Kc6 65.Bd2 Rh2
66.Bf4 Rh4 67.Kf5 Rxf4+ 68.Nxf4 Bxf4  0-1

[Event "34th ch-GRE w"]
[Site "Athens GRE"]
[Date "2011.11.30"]
[Round "5"]
[White "Pambalou,F"]
[Black "Makka,E"]
[Result "1-0"]
[WhiteElo "2104"]
[BlackElo "2110"]

1.Nf3 d5 2.g3 c6 3.Bg2 Bg4 4.d4 Nf6 5.O-O h6 6.c4 g6 7.Nc3 Bg7 8.Ne5 Be6
9.Qb3 b6 10.Qa4 O-O 11.Rd1 a5 12.Be3 Qd6 13.a3 Ra7 14.Rac1 Rb7 15.Bf4 g5
16.Nxf7 Qd7 17.Ne5 Qe8 18.Be3 dxc4 19.Bxc6 Nxc6 20.Qxc6 Qxc6 21.Nxc6 Ng4
22.d5 Bc8 23.Rd2  1-0

[Event "8th Vasylyshyn Mem IM"]
[Site "Lviv UKR"]
[Date "2011.11.30"]
[Round "2"]
[White "Petrosyan,T1"]
[Black "Yildiz,B"]
[Result "0-1"]
[WhiteElo "2255"]
[BlackElo "2297"]

1.Nf3 d5 2.g3 Bg4 3.Bg2 Nd7 4.c4 dxc4 5.Na3 c6 6.Nxc4 Bxf3 7.Bxf3 e5 8.d4 Bb4+
9.Bd2 Qe7 10.dxe5 Nxe5 11.Nxe5 Bxd2+ 12.Qxd2 Qxe5 13.O-O-O Nf6 14.Qb4 Qe7
15.Qc3 O-O 16.Rd4 c5 17.Rd2 Rab8 18.Rhd1 b5 19.Qd3 Qe6 20.Kb1 c4 21.Qd6 Qf5+
22.Ka1 h6 23.Rd4 Rbd8 24.Qxd8 Rxd8 25.Rxd8+ Kh7 26.h4 h5 27.R8d4 Qc5 28.Kb1 b4
29.Bd5 Nxd5 30.Rxd5 Qxf2 31.Rxh5+ Kg6 32.Re5 f6 33.Re4 Qf5 34.Rd4 b3 35.axb3 cxb3
36.Kc1 Qa5 37.Rb4 Qa1+ 38.Kd2 Qxb2+ 39.Ke3 Qc1+ 40.Kf2 b2 41.Rg4+ Kh6 42.Rb8 b1=Q  0-1

[Event "Vizag GM Open"]
[Site "Visakhapatnam IND"]
[Date "2011.12.01"]
[Round "11"]
[White "Gomes,Mary"]
[Black "Ulibin,M"]
[Result "1-0"]
[WhiteElo "2354"]
[BlackElo "2587"]

1.Nf3 d5 2.g3 g6 3.Bg2 Bg7 4.O-O e5 5.d3 Ne7 6.c4 c6 7.e4 O-O 8.Nc3 d4 9.Ne2 h6
10.Ne1 f5 11.f4 fxe4 12.dxe4 Be6 13.b3 Nd7 14.Nd3 c5 15.h3 b5 16.cxb5 a6
17.Ba3 Qb6 18.bxa6 Rxa6 19.Bb2 Qb5 20.Nec1 c4 21.bxc4 Bxc4 22.a4 Qb6 23.Ba3 Qe6
24.Rf2 Rc6 25.f5 Qf6 26.g4 Rfc8 27.Nb4 R6c7 28.Ncd3 Qh4 29.Rc1 h5 30.gxh5 gxf5
31.exf5 Bh6 32.Rxc4 Rxc4 33.Nd5 Nc6 34.Qb3 Na5 35.Qb5 Be3 36.Qxd7 Bxf2+ 37.Nxf2 Rc1+
38.Bxc1 Rxc1+ 39.Kh2 Qxf2 40.Qe6+ Kh7 41.Nf6+  1-0

[Event "8th Vasylyshyn Mem GM"]
[Site "Lviv UKR"]
[Date "2011.12.02"]
[Round "4"]
[White "Molnar,P SVK"]
[Black "Baghdasaryan,V"]
[Result "0-1"]
[WhiteElo "2363"]
[BlackElo "2362"]

1.Nf3 d5 2.g3 Nf6 3.Bg2 c6 4.O-O Bg4 5.d3 Nbd7 6.Qe1 e5 7.e4 dxe4 8.dxe4 Bc5
9.Nbd2 O-O 10.h3 Bh5 11.Nc4 b5 12.Na5 Bg6 13.Nh4 Bxe4 14.Bxe4 Nxe4 15.Nxc6 Nxf2
16.Nxd8 Nd3+ 17.Be3 Nxe1 18.Bxc5 Rfxd8 19.Raxe1 Nxc5 20.Rxe5 Rac8 21.Re7 Ne6
22.c3 Ng5 23.Nf3 Nxf3+ 24.Rxf3 f6 25.Rxa7 Rd1+ 26.Rf1 Rd3 27.Kg2 Re8 28.Rf3 Re2+
29.Rf2 Ree3 30.g4 Rg3+ 31.Kf1 Rd1+ 32.Ke2 Rb1 33.Rf3 Rxb2+ 34.Ke3 Rxf3+ 35.Kxf3 Rh2
36.Kg3 Rc2 37.a4 Rxc3+ 38.Kg2 bxa4 39.Rxa4 Kf7 40.Ra7+ Kg6 41.Ra5 Re3 42.Rb5 Re5
43.Rb3 h5 44.Kg3 Re1 45.Rb5 Re5 46.Rb3 Kg5 47.gxh5 Kxh5 48.Rb7 g6 49.h4 Kh6
50.Rb8 Re3+ 51.Kf4 Rh3 52.Kg4 Ra3 53.Rb4 f5+ 54.Kf4 Rh3 55.Ke5 Kh5 56.Kf6 Rxh4
57.Rb8 Ra4 58.Rh8+ Kg4 59.Kxg6 Ra6+ 60.Kf7 f4  0-1

[Event "Snowdrops vs Oldhands"]
[Site "Prague CZE"]
[Date "2011.12.03"]
[Round "1"]
[White "Hort,V"]
[Black "Kulovana,E"]
[Result "1-0"]
[WhiteElo "2473"]
[BlackElo "2297"]

1.Nf3 d5 2.g3 Nf6 3.Bg2 Bg4 4.d3 Nc6 5.h3 Bh5 6.g4 Bg6 7.Nh4 e6 8.Nd2 Be7
9.e3 Nd7 10.Nxg6 hxg6 11.Qe2 Nf8 12.d4 Nb4 13.Nb3 c6 14.a3 Na6 15.Bd2 g5
16.O-O-O Ng6 17.f4 Qc7 18.Rhf1 O-O 19.Kb1 c5 20.f5 Nh4 21.dxc5 Nxc5 22.Nxc5 Bxc5
23.e4 Qh2 24.Bf3 Qxe2 25.Bxe2 dxe4 26.Bxg5 Ng2 27.fxe6 fxe6 28.Bc4 e3 29.Bxe6+ Kh8
30.Bc4 Rf2 31.Rd5 Bb6 32.Rc1 Rc8 33.Bd3 Re8 34.Ka2 e2 35.Bd2 e1=Q 36.Bxe1 Nxe1
37.Rh5+ Kg8 38.Bc4+ Rf7 39.Rf5 Re3 40.Rxf7 Kh7 41.Rxb7 Nf3 42.Rd1 Ne5 43.Bd3+ Kh6
44.g5+ Kxg5 45.Rxg7+  1-0

[Event "Ascona Gp A"]
[Site "Ascona SUI"]
[Date "2011.12.04"]
[Round "1.5"]
[White "Mirumian,V"]
[Black "Salvetti,A"]
[Result "1-0"]
[WhiteElo "2530"]
[BlackElo "2248"]

1.Nf3 d5 2.g3 c6 3.Bg2 Bg4 4.b3 Nd7 5.Bb2 Ngf6 6.O-O e6 7.c4 Bd6 8.d3 O-O
9.Nbd2 Re8 10.Qc2 Qc7 11.e4 dxe4 12.dxe4 a5 13.a3 e5 14.h3 Bxf3 15.Nxf3 Nc5
16.b4 axb4 17.axb4 Rxa1 18.Rxa1 Na6 19.c5 Bf8 20.Bc3 Nd7 21.Bf1 Qc8 22.Bc4 Nc7
23.Ng5 Ne6 24.Bxe6 fxe6 25.Qb3 h6 26.Nxe6 Kh7 27.Nxf8+ Nxf8 28.Qf7 Ng6 29.Ra7 Re7
30.Qf5 Qc7 31.h4 Qb8 32.h5 Qxa7 33.hxg6+  1-0

[Event "XXXII Crespi Memorial"]
[Site "Milan ITA"]
[Date "2011.12.04"]
[Round "2"]
[White "Montani,F"]
[Black "Radice,L"]
[Result "1-0"]
[WhiteElo "2245"]
[BlackElo "1969"]

1.Nf3 d5 2.g3 Nf6 3.Bg2 e6 4.O-O Be7 5.d3 O-O 6.Nbd2 c5 7.e4 Nc6 8.e5 Nd7
9.Re1 b5 10.Nf1 a5 11.h4 Qc7 12.Bf4 b4 13.h5 Nb6 14.h6 g6 15.N1h2 Ba6 16.Ng4 Qd8
17.Qc1 Rc8 18.Bg5 Nd4 19.Bxe7 Nxf3+ 20.Bxf3 Qxe7 21.Qe3 Nd7 22.a3 b3 23.cxb3 Rb8
24.b4 Rfc8 25.Rec1 d4 26.Qd2 cxb4 27.axb4 Rxc1+ 28.Rxc1 f5 29.exf6 Nxf6 30.bxa5 Rb3
31.Ne5 Nd5 32.Bxd5 exd5 33.Qf4 Rb4 34.Kg2 Bb7 35.a6  1-0

[Event "XXXII Crespi Memorial"]
[Site "Milan ITA"]
[Date "2011.12.04"]
[Round "2"]
[White "Di Lascio,S"]
[Black "Anurag,M"]
[Result "0-1"]
[WhiteElo "2015"]
[BlackElo "2222"]

1.Nf3 d5 2.g3 g6 3.Bg2 Bg7 4.O-O e5 5.d3 Ne7 6.e4 O-O 7.h3 Nbc6 8.Nc3 d4
9.Ne2 f5 10.Nh2 Be6 11.Bg5 h6 12.exf5 gxf5 13.Bd2 Bd5 14.f3 Qd6 15.c4 dxc3
16.Nxc3 Bf7 17.Qc1 Nb4 18.Be3 Nxd3 19.Qc2 Nb4 20.Qf2 f4 21.gxf4 Nd3 22.Qc2 Nf5
23.Bf2 Nxf2 24.Rxf2 Ne3 25.Qe2 exf4 26.Ne4 Qb6 27.Ng4 h5 28.Nxe3 fxe3 29.Rff1 Qxb2
30.Qxb2 Bxb2 31.Rab1 e2 32.Rxb2 exf1=Q+ 33.Bxf1 Bd5 34.Rg2+ Kh8 35.Rg5 Bxe4
36.fxe4 Rg8  0-1

[Event "London Classic Women's Invitational"]
[Site "London ENG"]
[Date "2011.12.05"]
[Round "3"]
[White "Lauterbach,I"]
[Black "Grigoryan,Meri"]
[Result "1/2-1/2"]
[WhiteElo "2075"]
[BlackElo "2026"]

1.Nf3 d5 2.g3 c6 3.Bg2 Nf6 4.O-O Bf5 5.d3 Nbd7 6.Nbd2 e6 7.e3 Bd6 8.Qe2 Bg4
9.h3 Bh5 10.Qe1 e5 11.e4 O-O 12.Nh4 Re8 13.f3 Bc5+ 14.Kh2 Nf8 15.Nb3 Bb6
16.g4 Bg6 17.a4 Ne6 18.Bh1 Nf4 19.Bd2 Bc7 20.Nc1 h5 21.Nxg6 Nxg6 22.Ne2 h4
23.Rg1 Nh7 24.g5 Bd6 25.Rg4 Be7 26.Qg1 Nhf8 27.exd5 cxd5 28.d4 Qc7 29.Qd1 exd4+
30.f4 Bd6 31.Kg1 Qc5 32.b4 Qc4 33.Bf3 Rac8 34.Kf1 d3 35.cxd3 Qxd3 36.Kf2 Rc2
37.Be1 Qe3+ 38.Kg2 Rxe2+ 39.Qxe2 Nxf4+ 40.Rxf4 Qxe2+ 41.Bxe2 Bxf4 42.Bf3 Bxg5
43.Bxd5 Re7 44.Bf2 Ng6 45.Bb3 Be3 46.Be1 Bd4 47.Rd1 Bf6 48.Bf2 b6 49.a5 Bc3
50.axb6 axb6 51.b5 Be5 52.Bxb6 Rb7 53.Rd8+ Kh7 54.Be3 Rxb5 55.Bxf7 Rb8 56.Rd5 Nf4+
57.Bxf4 Bxf4 58.Rh5+ Bh6 59.Rxh4 Rb2+  1/2-1/2

[Event "2nd JAHV McGregor Open"]
[Site "Bogota COL"]
[Date "2011.12.06"]
[Round "2"]
[White "Ruge,E"]
[Black "Corrales,Isis Johanna"]
[Result "1-0"]
[WhiteElo "2264"]
[BlackElo "1939"]

1.Nf3 d5 2.g3 e6 3.Bg2 Bd6 4.d3 f5 5.O-O Nf6 6.Nbd2 O-O 7.e4 e5 8.exd5 Nxd5
9.Nc4 Nc6 10.Re1 Re8 11.c3 Nf6 12.b4 a6 13.Qb3 Be6 14.Ng5 Qd7 15.Nxe6 Qxe6
16.Bf4 Nd7 17.d4 Kh8 18.d5 Qf7 19.dxc6 bxc6 20.Nxd6 Qxb3 21.axb3 cxd6 22.Bxc6 Ra7
23.Bxd7 Rxd7 24.Rxa6  1-0

[Event "Ascona Gp A"]
[Site "Ascona SUI"]
[Date "2011.12.07"]
[Round "5.3"]
[White "Mirumian,V"]
[Black "Trois,F"]
[Result "1-0"]
[WhiteElo "2530"]
[BlackElo "2275"]

1.Nf3 d5 2.g3 c6 3.Bg2 Nf6 4.O-O Bf5 5.d3 e6 6.Nc3 h6 7.Nd2 e5 8.e4 dxe4
9.Ncxe4 Nbd7 10.Nxf6+ Qxf6 11.b3 Bc5 12.b4 Bd4 13.Rb1 a6 14.Nb3 O-O 15.Qf3 Be6
16.Nxd4 exd4 17.Qxf6 Nxf6 18.a3 Rfd8 19.Re1 Bd5 20.f3 Ba2 21.Rb2 Be6 22.Re5 Rd5
23.Rxd5 Nxd5 24.Bd2 f5 25.Rb1 Kf7 26.Kf2 Rc8 27.f4 Nf6 28.h3 Bd5 29.Bf1 h5
30.Be2 g6 31.Re1 Be6 32.Bf3 Bd5 33.Bd1 Re8 34.Rg1 Rd8 35.Bc1 b6 36.Bd2 Rd7
37.Be2 Ne8 38.c4 dxc3 39.Bxc3 Bb3 40.Be5 Nc7 41.g4 hxg4 42.hxg4 fxg4 43.Rh1 Nb5
44.Rh7+ Ke8 45.Rh8+ Kf7 46.Rc8 Bc2 47.Bxg4 Rxd3 48.Rxc6 Rd2+ 49.Ke3 Rd3+
50.Ke2 Rg3 51.Be6+ Ke7 52.Bd5 Bb3 53.Be4 Rh3 54.Rxb6 Nxa3 55.Rxg6 Nc4 56.Bd4 Rh2+
57.Ke1 Bc2 58.Rg7+ Kf8 59.Bd5 Rd2 60.Rg8+ Ke7 61.Bc5+ Kf6 62.Bxc4 Rh2 63.Rf8+ Kg7
64.Rd8 Rh1+ 65.Kf2 Rc1 66.Bxa6 Bf5 67.Rd6 Rc2+ 68.Ke3  1-0

[Event "2nd JAHV McGregor Open"]
[Site "Bogota COL"]
[Date "2011.12.07"]
[Round "4"]
[White "Ruge,E"]
[Black "Ramirez,Alej"]
[Result "0-1"]
[WhiteElo "2264"]
[BlackElo "2595"]

1.Nf3 d5 2.g3 Bg4 3.Bg2 Nd7 4.d3 e5 5.O-O Bd6 6.Nfd2 c6 7.Qe1 Ne7 8.e4 O-O
9.Nc3 Be6 10.Nf3 d4 11.Ne2 f6 12.h3 c5 13.b3 b5 14.Nh2 c4 15.f4 cxd3 16.cxd3 Nc5
17.Rf3 Nc6 18.Bd2 a5 19.f5 Bf7 20.g4 Nb4 21.Bxb4 axb4 22.Nc1 Nd7 23.h4 Qc7
24.Ne2 Qc2 25.Rc1 Qxa2 26.Ng3 Rfc8 27.Rf1 Rc2 28.Rxc2 Qxc2 29.g5 Ra2  0-1

[Event "FSFMA December 2011"]
[Site "Budapest HUN"]
[Date "2011.12.07"]
[Round "5"]
[White "Letay,G"]
[Black "Farkas,R"]
[Result "0-1"]
[WhiteElo "2029"]
[BlackElo "2111"]

1.Nf3 d5 2.g3 c5 3.Bg2 Nc6 4.d3 e5 5.Nbd2 Bd6 6.e4 d4 7.O-O Nge7 8.Nc4 Bc7
9.a4 O-O 10.Qe2 f6 11.c3 Be6 12.Ncd2 dxc3 13.bxc3 Qd7 14.Ne1 Bb6 15.Kh1 Rfc8
16.f4 Na5 17.fxe5 fxe5 18.Ndf3 Ng6 19.Ng5 c4 20.Nxe6 Qxe6 21.Qh5 Rc7 22.Bh3 Qc6
23.Bf5 Nf8 24.Ba3 Bc5 25.Bxc5 Qxc5 26.Nf3 g6 27.Qg4 Kh8 28.Ng5 gxf5 29.Qxf5 Qe7
30.Nf7+ Qxf7 31.Qxf7 Rxf7 32.Rxf7 cxd3 33.Raf1 Kg8 34.Re7 Nc4 35.Rd1 Rd8
36.Rc7 Ne3 37.Rd2 Nf1 38.Rf2 d2 39.Rxf1 d1=Q 40.Rxd1 Rxd1+ 41.Kg2 Rb1 42.c4 Rb4
43.a5 Ne6 44.Re7 Nd4 45.Rxe5 Rxc4 46.Rd5 Nc6 47.Kf3 Ra4 48.Rg5+ Kf7 49.Rf5+ Kg6
50.Kf4 Rxa5 51.Rf8 Re5 52.Rc8 Re7 53.g4 a5 54.h4 Kg7 55.h5 Rf7+ 56.Kg5 h6+
57.Kh4 Re7 58.g5 Rxe4+ 59.Kg3  0-1

[Event "FSFMB December 2011"]
[Site "Budapest HUN"]
[Date "2011.12.07"]
[Round "5"]
[White "Takacs,K"]
[Black "Jones,Peter"]
[Result "1-0"]
[WhiteElo "1788"]
[BlackElo "1377"]

1.Nf3 d5 2.g3 Nf6 3.Bg2 a6 4.O-O h6 5.b3 Nc6 6.Bb2 Bg4 7.d3 e6 8.Nbd2 Bd6
9.c4 O-O 10.Rc1 dxc4 11.bxc4 Qe7 12.h3 Bf5 13.e4 Bh7 14.e5 Nxe5 15.Bxe5 Bxd3
16.Re1 Bxe5 17.Nxe5 c6 18.Nxd3 Qa3 19.Qb3 Qd6 20.Ne4 Nxe4 21.Bxe4 Rab8 22.Rcd1 f5
23.c5 Qe7 24.Bxf5 Rxf5 25.Rxe6 Qf7 26.Ne5 Rxe5 27.Rxe5  1-0

[Event "IV Amitan Mem IM"]
[Site "Donetsk UKR"]
[Date "2011.12.08"]
[Round "1"]
[White "Petrosyan,T1"]
[Black "Lojko,Alexej"]
[Result "1/2-1/2"]
[WhiteElo "2255"]
[BlackElo "2230"]

1.Nf3 d5 2.g3 c5 3.Bg2 Nc6 4.d4 Nf6 5.O-O e6 6.c4 Be7 7.cxd5 exd5 8.Be3 cxd4
9.Nxd4 O-O 10.Nc3 Re8 11.Rc1 Bg4 12.h3 Be6 13.Nxc6 bxc6 14.Na4 Qc8 15.Kh2 Bf5
16.Nc5 Bd6 17.Bd4 Ne4 18.Qa4 Nxc5 19.Bxc5 Bxc5 20.Rxc5 Rxe2 21.Rxc6 Qd7 22.Qa6 Rxb2
23.Rd6 Rxa2 24.Qxa2 Qxd6 25.Bxd5 Be6 26.Bxe6 Qxe6 27.Qa5 Qb6 28.Qa2 a5 29.Rb1 Qf6
30.Kg1 h6 31.Qd5 Qa6 32.Rb7 Qe6 33.Qf3 Re8 34.Kg2 a4 35.Ra7 Qc4 36.Qf5 Qc6+
37.Qf3 Qc4 38.Qf5 Qe4+ 39.Qxe4 Rxe4 40.g4 Rb4 41.f3 Rb2+ 42.Kg3 Ra2 43.h4 g5
44.h5 a3 45.Ra6 Kg7 46.Kh3 Ra1 47.Kg2 a2 48.Ra7 Kf6 49.Ra8 Ke5 50.Re8+ Kd6
51.Rd8+ Kc6 52.Ra8  1/2-1/2

[Event "13th Metropolitan GM"]
[Site "Los Angeles USA"]
[Date "2011.12.08"]
[Round "2"]
[White "Khachiyan,M"]
[Black "Kekelidze,M"]
[Result "1/2-1/2"]
[WhiteElo "2474"]
[BlackElo "2443"]

1.Nf3 d5 2.g3 Bg4 3.Bg2 Nd7 4.d4 e6 5.O-O Bd6 6.c4 c6 7.Qb3 Qb8 8.Nc3 Ngf6
9.e4 Nxe4 10.Nxe4 dxe4 11.Ng5 Nf6 12.Nxe4 Nxe4 13.Bxe4 O-O 14.c5 Bc7 15.Qc4 Qd8
16.Re1 Qf6 17.b4 Rfd8 18.Bb2 Bf3 19.b5 Bxe4 20.Rxe4 Qf5 21.Re3  1/2-1/2

[Event "Sportaccord WMG Rapid w"]
[Site "Beijing CHN"]
[Date "2011.12.09"]
[Round "2"]
[White "Ju Wenjun"]
[Black "Paehtz,E"]
[Result "1/2-1/2"]
[WhiteElo "2543"]
[BlackElo "2457"]

1.Nf3 d5 2.g3 Nf6 3.Bg2 c6 4.O-O Bg4 5.d3 Nbd7 6.h3 Bh5 7.Qe1 e5 8.e4 dxe4
9.dxe4 Bc5 10.Nbd2 O-O 11.Nb3 Bb6 12.a4 Bxf3 13.Bxf3 a5 14.Be3 Bxe3 15.Qxe3 Qe7
16.Qc3 Qd8 17.Rfd1 Qb6 18.Rd2 Rfe8 19.Rad1 Nf8 20.h4 h6 21.Bg2 Qc7 22.Qe3 Ng4
23.Qe2 Nf6 24.Qe3 Ng4 25.Qe2 Nf6 26.Qe3 Ng4 27.Qe2  1/2-1/2

[Event "Ascona Open"]
[Site "Ascona SUI"]
[Date "2011.12.10"]
[Round "2.1"]
[White "Mirumian,V"]
[Black "Misiano,F"]
[Result "0-1"]
[WhiteElo "2530"]
[BlackElo "2293"]

1.Nf3 d5 2.g3 Nf6 3.Bg2 Bf5 4.O-O h6 5.d3 c6 6.Nc3 e6 7.Nd2 Be7 8.e4 Bh7
9.f4 Na6 10.Qe2 Qb6+ 11.Kh1 O-O-O 12.a3 h5 13.Nf3 Ng4 14.h3 h4 15.Ng5 Bg6
16.f5 exf5 17.exf5 Bh5 18.hxg4 Bxg5 19.Bxg5 Rde8 20.Qf3 hxg3 21.gxh5 Qd4
22.Rae1 Rxe1 23.Rxe1 g6 24.fxg6 fxg6 25.Bh3+ Kb8 26.Qf4+  0-1

[Event "Sportaccord WMG Rapid w"]
[Site "Beijing CHN"]
[Date "2011.12.10"]
[Round "3"]
[White "Harika,D"]
[Black "Zatonskih,A"]
[Result "1-0"]
[WhiteElo "2512"]
[BlackElo "2506"]

1.Nf3 d5 2.g3 Bg4 3.Bg2 Nd7 4.O-O c6 5.b3 e5 6.Bb2 Bd6 7.d3 Ngf6 8.Nbd2 O-O
9.h3 Bh5 10.Nh4 Re8 11.Qe1 e4 12.dxe4 dxe4 13.Nc4 Bf8 14.Rd1 Qc7 15.Nf5 Bg6
16.Nce3 a5 17.a3 b5 18.Qd2 Ne5 19.Qc1 a4 20.g4 Bc5 21.b4 Bb6 22.c4 Bxf5 23.c5 Bg6
24.cxb6 Qxb6 25.Rd6 Rac8 26.Rfd1 Qc7 27.g5 Nfd7 28.Qc3 Nb6 29.f4 exf3 30.exf3 f6
31.gxf6 Qf7 32.f4 Nec4 33.Nxc4 Nxc4 34.Rd7 Qe6 35.f7+  1-0

[Event "Schachbundesliga 2011-12"]
[Site "Bremen GER"]
[Date "2011.12.10"]
[Round "6"]
[White "Gasthofer,A"]
[Black "Zumsande,M"]
[Result "1-0"]
[WhiteElo "2456"]
[BlackElo "2439"]

1.Nf3 d5 2.g3 Nf6 3.Bg2 e6 4.O-O Be7 5.d4 O-O 6.c4 dxc4 7.Qc2 b5 8.a4 b4
9.Qxc4 Ba6 10.Qc2 c6 11.Re1 Qb6 12.Bg5 Nbd7 13.Nbd2 Rac8 14.Nc4 Bxc4 15.Qxc4 c5
16.Qb5 cxd4 17.Qxb6 Nxb6 18.Nxd4 Nfd5 19.Bxe7 Nxe7 20.a5 Nc4 21.Bb7 Rb8 22.a6 Nd6
23.Rec1 Rfd8 24.Rc7 Kf8 25.e3 e5 26.Nb3 Ke8 27.Na5 Rd7 28.Rac1 Kd8 29.R7c5 f6
30.Kg2 g6 31.g4 g5 32.Kf1 h6 33.Ke2 Ke8 34.h3 Kd8 35.R5c2 Nxb7 36.axb7 Rd5
37.Rc8+ Nxc8 38.Nc6+ Kc7 39.bxc8=Q+ Rxc8 40.Nxb4+ Kd7 41.Rxc8 Rb5 42.Rc4  1-0

[Event "IV Amitan Mem IM"]
[Site "Donetsk UKR"]
[Date "2011.12.10"]
[Round "3"]
[White "Berezin,O"]
[Black "Lojko,Alexej"]
[Result "1/2-1/2"]
[WhiteElo "2419"]
[BlackElo "2230"]

1.Nf3 d5 2.g3 c5 3.Bg2 Nc6 4.O-O e5 5.d3 Bd6 6.Nc3 Nge7 7.e4 d4 8.Nd5 O-O
9.c4 dxc3 10.bxc3 b5 11.h3 Rb8 12.Re1 f6 13.Be3  1/2-1/2